Quy hoạch chiều cao

Salvato in:
Dettagli Bibliografici
Autore principale: Trần thị Vân
Natura: Libro
Lingua:Undetermined
Pubblicazione: Hà Nội Xây dựng 1999
Soggetti:
Tags: Aggiungi Tag
Nessun Tag, puoi essere il primo ad aggiungerne! !
Thư viện lưu trữ: Trung tâm Học liệu Trường Đại học Cần Thơ
LEADER 00544nam a2200193Ia 4500
001 CTU_62420
008 210402s9999 xx 000 0 und d
020 |b 17000 
082 |a 624.17 
082 |b V121 
100 |a Trần thị Vân 
245 0 |a Quy hoạch chiều cao 
245 0 |c Trần thị Vân và Phan Tấn Hài 
260 |a Hà Nội 
260 |b Xây dựng 
260 |c 1999 
650 |a structural analysis ( engineering ) 
904 |i Minh 
980 |a Trung tâm Học liệu Trường Đại học Cần Thơ